000 00576nam a2200217 i 4500
001 C2-0279397
003 PPAK
005 20180728010624.0
008 070425s xx a|||| ||||| | may d
040 _aPPAK
_beng
_cPPAK
_erda
082 0 4 _a928.9
_223
090 0 0 _a928.9
_bZAA
_dKK
245 0 0 _aZa'aba jadi doktor persuratan pula
300 _a3 pages :
_billustrations ;
_c30 cm
336 _2rdacontent
_atext
337 _2rdamedia
_aunmediated
338 _2rdacarrier
_avolume
500 _aPetikan dari majalah Mastika 1973
650 1 0 _aBiograph
942 _ddc
_cB
999 _c86046
_d86046